000 02559njm a2200433Ia 4500
001 20679
003 IT-RoPAU
005 20220918181118.0
008 131025s9999 xx 000 0 und d
040 _aIT-RoPAU
040 _cIT-RoPAU
041 _aINGLESE
999 _c99550
_d99550
999 _bn.d.
100 _aAA.VV.
_9794
100 _eAutore musica
_92539
100 _gCodice autore musica SPICS: 12000
_9796
245 _aSkeletons From the Closet-The Best of Grateful Dead (Lp K 56024)
250 _a1a ed.
260 _aUSA
260 _bWARNER BROS RECORDS
_c1974 [1a Ed.:1974 - Ed. Lingua Orig.: 1974]
300 _aDISCO
300 _c45 minuti (Testo: pag.)
500 _aIncisioni storiche. Il meglio della West Coast. Musica rock
505 _aThe Golden Road [(To Unlimited Devotion) (3:00)] - Truckin' (6:00) - Rosemary (2:00) - Sugar Magnolia (4:00) - St. Stephen (5:00) - Uncle John's Band (5:00) - Casey Jones (5:00) - Mexicali Blues (4:00) - Turn On Your Love Light (7:00) - One More Saturday Night (5:00) - Friend of the Devil (4:00) -
511 _aGrateful Dead (The)
650 _aROCK [DISCHI]
_eCodice MATERIA SPICS: 9950
_91088
700 _aGrateful Dead (The)
_gCodice Interprete SPICS: 10931
_eInterprete
_92540
700 _aGarcia Jerry
_gCodice autore musica SPICS: 10911
_eAutore musica
_pThe Golden Road (To Unlimited Devotion) - Truckin' - Rosemary - St. Stephen - Uncle John's Band - Casey Jones - Friend of the Devil
_92541
700 _aLesh
_gCodice autore SPICS: 22962
_eAutore
_pThe Golden Road (To Unlimited Devotion)
_92542
700 _aMcKernan
_gCodice autore testo/musica SPICS: 22964
_eAutore testo/musica
_pThe Golden Road (To Unlimited Devotion)
_92543
700 _aWeir
_gCodice autore musica SPICS: 22963
_eAutore musica
_pTruckin' - Sugar Magnolia - Sugar Magnolia - One More Saturday Night
_92544
700 _aHunter
_gCodice autore testo/musica SPICS: 10150
_eAutore testo/musica
_pTruckin' - Rosemary - Sugar Magnolia - St. Stephen - Uncle John's Band - Casey Jones - Friend of the Devil
_92545
700 _aLesh
_gCodice autore SPICS: 22962
_eAutore
_pSt. Stephen
_92546
700 _aBarlow
_gCodice autore testo/musica SPICS: 22965
_eAutore testo/musica
_pMexicali Blues
_92547
700 _aScott J.
_gCodice autore testo/musica SPICS: 22967
_eAutore testo/musica
_pTurn On Your Love Light
_92548
700 _aMalone D.
_gCodice autore musica SPICS: 22966
_eAutore musica
_pTurn On Your Love Light
_92549
700 _aDawson
_gCodice autore SPICS: 22968
_eAutore
_pFriend of the Devil
_92550
942 _cMD
_2ddc